Prof. G Ram Reddy Library

Hamari shairi ( ہماری شائری ) (Record no. 41)

MARC details
000 -LEADER
fixed length control field 00614nam a2200205Ia 4500
003 - CONTROL NUMBER IDENTIFIER
control field LDD
005 - DATE AND TIME OF LATEST TRANSACTION
control field 20240209080336.0
008 - FIXED-LENGTH DATA ELEMENTS--GENERAL INFORMATION
fixed length control field 181101s9999 xx 000 0 und d
020 ## - INTERNATIONAL STANDARD BOOK NUMBER
Terms of availability 100.00
040 ## - CATALOGING SOURCE
Transcribing agency LDD
100 ## - MAIN ENTRY--PERSONAL NAME
Personal name Adeeb, Masood Hasan Rizvi
9 (RLIN) 19236
245 #0 - TITLE STATEMENT
Title Hamari shairi ( ہماری شائری )
Statement of responsibility, etc. Masood Hasan Rizvi Adeeb (مسعود حسن رضوی)
260 ## - PUBLICATION, DISTRIBUTION, ETC.
Place of publication, distribution, etc. Aligarh
Name of publisher, distributor, etc. Educational Book House
Date of publication, distribution, etc. 2016
300 ## - PHYSICAL DESCRIPTION
Extent 254p.
650 ## - SUBJECT ADDED ENTRY--TOPICAL TERM
Source of heading or term Urdu
901 ## - LOCAL DATA ELEMENT A, LDA (RLIN)
a 15919
b 16-03-2017
902 ## - LOCAL DATA ELEMENT B, LDB (RLIN)
a 2839
b 16-03-2017
c F
d PIBD
e 8U
903 ## - LOCAL DATA ELEMENT C, LDC (RLIN)
a 20
b Reqst by : Mohd.
942 ## - ADDED ENTRY ELEMENTS (KOHA)
Source of classification or shelving scheme Dewey Decimal Classification
Koha item type Urdu Books
Holdings
Withdrawn status Lost status Source of classification or shelving scheme Damaged status Not for loan Home library Current library Cost, normal purchase price Total Checkouts Full call number Barcode Date last seen Date last checked out Cost, replacement price Price effective from Koha item type
No   Dewey Decimal Classification     Library and Documentation Division Library and Documentation Division 100.00 1 8U1.09 Ad31H UR000002 08/22/2022 08/05/2022 100.00 11/01/2018 Urdu Books

© Prof. G Ram Reddy Centre Library, Indira Gandhi National Open University, Maidan Garhi, New Delhi, 110068
+91-011-29532797 | FAX+91-011-29533393 |